000 00970nac a22003137a 4500
001 BR0002943
003 BR-BrBNA
005 20240105122418.0
008 230509b bl.|||m| |||| 00| 0 por d
040 _aBR-BrBNA
_bpor
_cBiblioteca Nacional de Agricultura
072 _aQ03; S01
090 _aQ03 BR0002943
100 1 _aKlein, I.
100 1 _aFerreto, L.E.
100 1 _aMinozzo, M.
110 1 _aEmpresa Paranaense de Assistencia Tecnica e Extensao Rural, Curitiba (Brasil)
245 1 _aMerendeiras
260 3 _aCuritiba, PR (Brasil):
_c2000.
300 _a40 p.
490 _aSerie Produtor - Empresa Paranaense de Assistencia Tecnica e Extensao Rural (Brazil)
_vno. 40
_x
500 _a8 ref.; 11 illus.; 9 tables
650 _aHigiene
650 _aPessoa
650 _aHigiene de Alimento
650 _aNutricao Humana
650 _aArmazenamento de Alimento
909 _a202312
_bLúcia Elande
_c55
_dLúcia Elande
942 _2AGRIS
_n0
_cMS
999 _c290889
_d290889